Misje z gry MAFIA - Statystyki

Ogólne statystyki
  • Ten quiz został rozwiązany 51 razy
  • Średni wynik to 11 z 21
Statystyki odpowiedzi
Misja Nazwa % Poprawnych
Misja 8 Dziwka
76%
Misja 16 Szczęściarz
70%
Misja 6 Sarah
67%
Misja 21 Śmierć sztuki
67%
Misja 2 Uciekinier
67%
Misja 3 Impreza koktajlowa
61%
Misja 11 Omerta
61%
Misja 10 Wycieczka na wieś
61%
Misja 18 Kampania wyborcza
58%
Misja 1 Propozycja nie do odrzucenia
58%
Misja 9 Ksiądz
55%
Misja 14 Bon apetit
52%
Misja 5 Czysta gra
48%
Misja 7 Lepiej do tego przywyknij
45%
Misja 15 Wszystkiego Najlepszego
39%
Misja 12 Odwiedziny u bogaczy
36%
Misja 20 Robota na boku
36%
Misja 4 Rutynowe zadanie
36%
Misja 17 Śmietanka na kawie
33%
Misja 19 Chwila relaksu
30%
Misja 13 Świetny Interes
30%
Nie znaleziono quizów pasujących do podanych kryteriów
Rozkład punktacji
Procent ludzi z każdym wynikiem
Percentyl według liczby udzielonych odpowiedzi
Twoja historia wyników
Nie rozwiązałeś tego quizu